000 00374nam a2200157Ia 4500
003 Ost
005 20260225132550.0
008 260225s9999||||xx |||||||||||||| ||und||
040 _cfsic
041 _afre
082 _a440
100 _aAbdkader djeflat
_eAuteur
245 0 _aTechnologie et systeme educatif en Algerie /
245 0 _cAbdkader djeflat
942 _cكتاب
999 _c34101
_d34101